Új lakások a fiataloknak a KISZ szervezésében
Elmentve itt :
| Dokumentumtípus: | Cikk |
|---|---|
| Megjelent: |
1963-07-23
|
| Sorozat: | Délmagyarország
53 No. 170 |
| Kulcsszavak: | Kommunista Ifjúsági Szövetség, Lakásépítés ifjúsági lakásépítő akció 1963 |
| Online Access: | http://dmarchiv.bibl.u-szeged.hu/71561 |
| LEADER | 00493nab a2200145 i 4500 | ||
|---|---|---|---|
| 001 | delm71561 | ||
| 005 | 20180928082423.0 | ||
| 008 | 180928s1963 hu o 0|| hun d | ||
| 040 | |a SZTE Délmagyarország Archívum |b hun | ||
| 041 | |a hun | ||
| 245 | 0 | 0 | |a Új lakások a fiataloknak a KISZ szervezésében |h [elektronikus dokumentum] |
| 260 | |c 1963-07-23 | ||
| 300 | |a 3 | ||
| 490 | 0 | |a Délmagyarország |v 53 No. 170 | |
| 695 | |a Kommunista Ifjúsági Szövetség, Lakásépítés ifjúsági lakásépítő akció 1963 | ||